Sanitary pipework. Part 1: design basis. (Record no. 91419)

MARC details
000 -LEADER
fixed length control field 00583cam a2200217 4500
008 - FIXED-LENGTH DATA ELEMENTS--GENERAL INFORMATION
fixed length control field 090401t1981 xxu||||| |||| 00| 0 eng d
020 ## - INTERNATIONAL STANDARD BOOK NUMBER
International Standard Book Number 0117250813
035 ## - SYSTEM CONTROL NUMBER
System control number (Sirsi) u43991
041 ## - LANGUAGE CODE
Language code of text/sound track or separate title eng
050 ## - LIBRARY OF CONGRESS CALL NUMBER
Classification number 690
110 ## - MAIN ENTRY--CORPORATE NAME
Corporate name or jurisdiction name as entry element Building Research Establishment
245 ## - TITLE STATEMENT
Title Sanitary pipework. Part 1: design basis.
260 ## - PUBLICATION, DISTRIBUTION, ETC.
Place of publication, distribution, etc. Garston, Watford
Name of publisher, distributor, etc. Building Research Establishment
Date of publication, distribution, etc. 1981
300 ## - PHYSICAL DESCRIPTION
Extent 4p. : ill. ; 30cm.
350 ## - PRICE (NR) (BK AM CF MU VM SE) [OBSOLETE]
Price 0.5
490 ## - SERIES STATEMENT
Series statement BRE Digest
Volume/sequential designation 248
650 ## - SUBJECT ADDED ENTRY--TOPICAL TERM
Topical term or geographic name entry element SANITARY PIPEWORK
690 ## - LOCAL SUBJECT ADDED ENTRY--TOPICAL TERM (OCLC, RLIN)
Topical term or geographic name as entry element BUILT ENVIRONMENT
942 ## - ADDED ENTRY ELEMENTS (KOHA)
Suppress in OPAC 0
948 ## - LOCAL PROCESSING INFORMATION (OCLC); SERIES PART DESIGNATOR (RLIN)
c (OCLC) 04/03/1997
Holdings
Withdrawn status Lost status Source of classification or shelving scheme Damaged status Not for loan Home library Current library Shelving location Date acquired Cost, normal purchase price Total Checkouts Full call number Barcode Date last seen Date last checked out Copy number Cost, replacement price Price effective from Koha item type
    Dewey Decimal Classification     London London BRE publications 19/04/1993 0.50 2 ENQUIRY DESK 30034622 06/08/2019 08/02/2002 1 0.50 06/08/2019 Book